La evaluación educativa : concepto, caraterísticas, funciónes /
Guardado en:
| Autor Principal: | |
|---|---|
| Formato: | Libro |
| Publicado: |
Buenos Aires :
Docencia,
1982
|
| Materias: | |
| Etiquetas: |
Agregar Etiqueta
Sin Etiquetas, Sea el primero en etiquetar este registro!
|
| LEADER | 00577nam a22001935a 4500 | ||
|---|---|---|---|
| 001 | CEM.cems004758 | ||
| 005 | 20060217000000.0 | ||
| 008 | 130507s1982##################000#0#####d | ||
| 003 | CEMS | ||
| 082 | 0 | 4 | |a 370 |
| 100 | 1 | |a Orden Hoz, Arturo De La | |
| 245 | 1 | 0 | |a La evaluación educativa : |b concepto, caraterísticas, funciónes / |
| 260 | |a Buenos Aires : |b Docencia, |c 1982 | ||
| 300 | |a 90 p. | ||
| 653 | |a Calidad de la educacion | ||
| 653 | |a Educacion | ||
| 653 | |a Educacion-evaluacion | ||
| 653 | |a Evaluacion escolar | ||
| 859 | |a CEMS |b BIB. CEMS - 11 de abril |h 370 |i Or12 |p 12820.83 |t Ej.1 | ||
